| 000 | 01049nam a22002537a 4500 | ||
|---|---|---|---|
| 005 | 20170124103157.0 | ||
| 010 | _aB-078854 | ||
| 020 | _c225.00 | ||
| 035 | _aB-078854 | ||
| 037 | _bCen Lib/Ret | ||
| 040 |
_aDPL _bHN |
||
| 082 |
_a338.9 _bसिन्हास |
||
| 100 |
_aसिन्हा, सच्चिदानंद _942649 |
||
| 245 |
_aभूमंडलीकरण की चुनौतियाँ / _cसच्चिदानंद सिन्हा |
||
| 246 |
_aBhumandalikaran ki chunautiyan / _bby Sachchidanand Sinha |
||
| 260 |
_aनयी दिल्ली _bवाणी प्रकाशन _c2003 |
||
| 270 |
_bनयी दिल्ली _a21-ए, दरियागंज _e110002 |
||
| 300 |
_a207पृ. _c19सेमी(सजिल्द ) |
||
| 650 |
_aभूमंडलीकरण _x _z _981328 |
||
| 650 |
_aअर्थशास्त्र _990049 |
||
| 650 |
_aGlobalization _95651 |
||
| 650 |
_aEconomics _990050 |
||
| 942 |
_2ddc _cHN _h338.9 _mसिन्हास |
||
| 999 |
_c120372 _d120372 |
||